Penemuan Gua Ashabul Kahfi
| Main Author: | |
|---|---|
| Format: | Book |
| Published: |
Kuala Lumpur :
Darul Nu'man ,
1995
|
| Subjects: |
MARC
| LEADER | 00000cam a2200000 7i4500 | ||
|---|---|---|---|
| 001 | 0000008948 | ||
| 002 | 000009749 | ||
| 005 | 20000330.0 | ||
| 020 | |a 9830460150 | ||
| 090 | 0 | 0 | |a 297.7 |b MUH |
| 100 | 0 | |a Muhammad Taisir Zhibyan | |
| 245 | 1 | 0 | |a Penemuan Gua Ashabul Kahfi |c Muhamammad Taisir Zhibyan |
| 260 | |a Kuala Lumpur : |b Darul Nu'man , |c 1995 | ||
| 300 | |a 245 p. ; |c 21 cm. | ||
| 650 | 0 | 0 | |a Islamic |x History |
| 999 | |a 043890 |b BUKU |c PINJAMAN |e PERPUSTAKAAN KOMUNITI PETALING JAYA | ||
| 999 | |a 046563 |b BUKU |c PINJAMAN |e PERPUSTAKAAN KOMUNITI CAW KOTA DAMANSARA | ||